| 000 | 01340nam a2200301 a 4500 | ||
|---|---|---|---|
| 001 | 000017150 | ||
| 005 | 20210629084343.0 | ||
| 008 | 100319s1986 dr r 001 0 spa d | ||
| 040 |
_aDO-SdBNP _bspa _cBNPHU |
||
| 082 |
_a510 _bB142m, 1986 |
||
| 100 | 1 |
_aBáez de Erazo, Melba _937061 |
|
| 245 | 1 | 0 |
_aMatemática Básica I / _cMelba Báez de Erazo, Reyita Taveras de Frías. |
| 250 | _a6a ed. | ||
| 260 |
_aSanto Domingo : _bUASD, _c1986. |
||
| 300 |
_a339 p. ; _c21 cm. |
||
| 490 | 1 |
_aPublicaciones de la Universidad Autónoma de Santo domingo _v1081 |
|
| 504 | _aBibliografía : p. 315 | ||
| 505 | 0 |
_aIntroducción a la lógica -- _tIntroducción a la teoría de conjuntos -- _tConjuntos numéricos y operacionales -- _tNúmeros complejos -- _tEstructuras algebraicas -- _tEcuaciones e inecuaciones. |
|
| 590 | _aInventariado, 2018/BT | ||
| 650 | 4 |
_aMatemáticas _xProblemas, ejercicios, etc. _919473 |
|
| 650 | 4 |
_aTeoría de conjuntos _xProblemas, ejercicios, etc. _919474 |
|
| 650 | 4 |
_aLógica _xProblemas, ejercicios, etc. _936516 |
|
| 650 | 4 |
_aEcuaciones _xProblemas, ejercicios, etc. _919476 |
|
| 650 | 4 |
_aMatemáticas _xLibros de texto _929573 |
|
| 700 | 1 | 2 |
_aTaveras de Frías, Reyita _937771 |
| 830 |
_aPublicaciones de la Universidad Autónoma de Santo Domingo ; _n1150 _911848 |
||
| 910 | _aValidado. Control de calidad. MMOLINA | ||
| 999 |
_c16676 _d16676 |
||